[Event "DVM U12 2016"]
[Site "Magdeburg GER"]
[Date "2016.12.29"]
[Round "6"]
[White "Sulayev, Daniel"]
[Black "Kotyk, Michael"]
[Result "1-0"]
[Termination "normal"]
[Board "2.1"]
[WhiteElo "1934"]
[BlackElo "1889"]
[WhiteClock "00:46:51"]
[BlackClock "00:23:31"]
[WhiteTeam "Schachpinguine Berlin"]
[BlackTeam "Hamburger SK"]
[PlyCount "131"]
[WhiteFideId "12977675"]
[BlackFideId "16214501"]
[EventCountry "GER"]
[EventRounds "7"]
[EventType "team-swiss"]
[EventDate "2016.12.26"]

1. e4 c5 2. Nf3 a6 3. c4 Nc6 4. Nc3 e5 5. d3 d6 6. Be2 f5 7. a3 Nf6 8. Rb1 Be7
9. b4 O-O 10. Qc2 f4 {[%clk 0:59:58]} 11. Nd5 {[%clk 1:06:49]} Nxd5 {[%clk
1:00:06]} 12. cxd5 {[%clk 1:06:59]} Nd4 {[%clk 1:00:25]} 13. Nxd4 {[%clk
1:07:17]} cxd4 {[%clk 1:00:50]} 14. Bd2 {[%clk 1:07:02]} Bd7 {[%clk 1:00:54]}
15. Bf3 {[%clk 1:02:51]} g5 {[%clk 0:56:31]} 16. h3 {[%clk 1:02:56]} Rc8 {[%clk
0:55:26]} 17. Qb3 {[%clk 1:03:05]} Qe8 {[%clk 0:55:20]} 18. Rc1 {[%clk
1:02:09]} Rxc1+ {[%clk 0:54:53]} 19. Bxc1 {[%clk 1:02:33]} Qg6 {[%clk 0:53:59]}
20. Bg4 {[%clk 1:01:22]} Rc8 {[%clk 0:51:26]} 21. Bb2 {[%clk 1:00:06]} Qe8
{[%clk 0:50:14]} 22. Bxd7 {[%clk 0:59:15]} Qxd7 {[%clk 0:50:39]} 23. f3 {[%clk
0:59:17]} h5 {[%clk 0:49:18]} 24. Kd2 {[%clk 0:57:46]} Kf7 {[%clk 0:47:26]} 25.
Rc1 {[%clk 0:56:50]} Rxc1 {[%clk 0:47:01]} 26. Bxc1 {[%clk 0:57:10]} g4 {[%clk
0:46:42]} 27. hxg4 {[%clk 0:57:29]} hxg4 {[%clk 0:47:03]} 28. Qd1 {[%clk
0:57:15]} Qc8 {[%clk 0:46:18]} 29. Bb2 {[%clk 0:57:29]} Bh4 {[%clk 0:45:43]}
30. Qh1 {[%clk 0:56:17]} Qd8 {[%clk 0:45:40]} 31. fxg4 {[%clk 0:55:48]} Qg5
{[%clk 0:44:58]} 32. Kc2 {[%clk 0:50:43]} Qxg4 {[%clk 0:44:36]} 33. Qf1 {[%clk
0:51:00]} Kg6 {[%clk 0:39:22]} 34. Qf3 {[%clk 0:48:33]} Qxf3 {[%clk 0:37:00]}
35. gxf3 {[%clk 0:48:44]} Be1 {[%clk 0:37:14]} 36. Kd1 {[%clk 0:46:02]} Bf2
{[%clk 0:34:33]} 37. Ke2 {[%clk 0:46:07]} Be3 {[%clk 0:34:57]} 38. a4 {[%clk
0:46:10]} b5 {[%clk 0:34:59]} 39. a5 {[%clk 0:46:32]} Kg5 {[%clk 0:35:09]} 40.
Ba3 {[%clk 0:46:41]} Kh4 {[%clk 0:35:22]} 41. Bb2 {[%clk 0:47:03]} Kg3 {[%clk
0:35:11]} 42. Ba3 {[%clk 0:46:20]} Bd2 {[%clk 0:34:17]} 43. Kxd2 {[%clk
0:46:42]} Kxf3 {[%clk 0:34:43]} 44. Bb2 {[%clk 0:43:27]} Kg2 {[%clk 0:33:09]}
45. Bxd4 {[%clk 0:43:46]} exd4 {[%clk 0:33:33]} 46. e5 {[%clk 0:44:11]} f3
{[%clk 0:33:46]} 47. e6 {[%clk 0:44:08]} f2 {[%clk 0:34:04]} 48. e7 {[%clk
0:44:32]} f1=Q {[%clk 0:34:12]} 49. e8=Q {[%clk 0:44:54]} Qf2+ {[%clk 0:33:34]}
50. Kd1 {[%clk 0:44:19]} Qf3+ {[%clk 0:33:05]} 51. Kd2 {[%clk 0:43:41]} Qxd5
{[%clk 0:22:12]} 52. Qe4+ {[%clk 0:43:38]} Qxe4 {[%clk 0:22:24]} 53. dxe4
{[%clk 0:44:03]} Kf3 {[%clk 0:21:52]} 54. Kd3 {[%clk 0:44:28]} Kf4 {[%clk
0:21:44]} 55. Kxd4 {[%clk 0:44:47]} Kf3 {[%clk 0:21:38]} 56. Kd5 {[%clk
0:44:45]} Kf4 {[%clk 0:21:22]} 57. Kxd6 {[%clk 0:44:57]} Kxe4 {[%clk 0:21:51]}
58. Kc5 {[%clk 0:45:13]} Kd3 {[%clk 0:21:25]} 59. Kb6 {[%clk 0:45:37]} Kc4
{[%clk 0:21:11]} 60. Kxa6 {[%clk 0:45:50]} Kxb4 {[%clk 0:21:36]} 61. Kb6 {[%clk
0:45:54]} Kc4 {[%clk 0:21:55]} 62. a6 {[%clk 0:45:56]} b4 {[%clk 0:22:21]} 63.
a7 {[%clk 0:45:34]} b3 {[%clk 0:22:42]} 64. a8=Q {[%clk 0:45:58]} b2 {[%clk
0:23:05]} 65. Qa2+ {[%clk 0:46:25]} Kc3 {[%clk 0:23:31]} 66. Qb1 {[%clk
0:46:51]} 1-0

[Event "DVM U12 2016"]
[Site "Magdeburg GER"]
[Date "2016.12.29"]
[Round "6"]
[White "Weihrauch, Jakob"]
[Black "Morczynski, Joachim"]
[Result "1-0"]
[Termination "normal"]
[Board "2.2"]
[WhiteElo "1848"]
[BlackElo "1645"]
[WhiteClock "00:31:26"]
[BlackClock "00:40:29"]
[WhiteTeam "Hamburger SK"]
[BlackTeam "Schachpinguine Berlin"]
[PlyCount "71"]
[WhiteFideId "16210115"]
[BlackFideId "16209745"]
[EventCountry "GER"]
[EventRounds "7"]
[EventType "team-swiss"]
[EventDate "2016.12.26"]

1. c4 {[%clk 1:15:57]} Nf6 {[%clk 1:15:52]} 2. b3 {[%clk 1:15:32]} g6 {[%clk
1:16:15]} 3. Bb2 {[%clk 1:15:55]} Bg7 {[%clk 1:16:39]} 4. Nf3 {[%clk 1:15:48]}
O-O {[%clk 1:16:54]} 5. g3 {[%clk 1:15:33]} d6 {[%clk 1:17:08]} 6. Bg2 {[%clk
1:15:53]} c6 {[%clk 1:17:24]} 7. Qc2 {[%clk 1:15:30]} Bf5 {[%clk 1:17:21]} 8.
d3 {[%clk 1:15:47]} Nbd7 {[%clk 1:17:29]} 9. e4 {[%clk 1:15:15]} Bg4 {[%clk
1:17:21]} 10. h3 {[%clk 1:15:31]} Bxf3 {[%clk 1:17:45]} 11. Bxf3 {[%clk
1:15:56]} Nb6 {[%clk 1:17:27]} 12. O-O {[%clk 1:14:23]} d5 {[%clk 1:16:33]} 13.
e5 {[%clk 1:11:37]} Nfd7 {[%clk 1:16:24]} 14. Re1 {[%clk 1:09:29]} e6 {[%clk
1:15:15]} 15. Bg2 {[%clk 1:07:37]} Qc7 {[%clk 1:15:11]} 16. f4 {[%clk 1:05:14]}
dxc4 {[%clk 1:14:59]} 17. dxc4 {[%clk 1:05:12]} a5 {[%clk 1:12:41]} 18. Nd2
{[%clk 1:03:26]} a4 {[%clk 1:12:40]} 19. Ne4 {[%clk 1:01:37]} Qd8 {[%clk
1:07:20]} 20. Ba3 {[%clk 1:00:02]} Re8 {[%clk 1:06:47]} 21. Nd6 {[%clk
1:00:14]} Rf8 {[%clk 1:06:11]} 22. Nxb7 {[%clk 1:00:12]} Qc7 {[%clk 1:06:16]}
23. Bxf8 {[%clk 0:59:50]} Kxf8 {[%clk 1:06:14]} 24. Nd6 {[%clk 1:00:04]} f5
{[%clk 1:03:23]} 25. Rad1 {[%clk 0:53:09]} Nc5 {[%clk 0:59:27]} 26. b4 {[%clk
0:51:04]} Ncd7 {[%clk 0:55:35]} 27. b5 {[%clk 0:49:23]} Nb8 {[%clk 0:52:49]}
28. bxc6 {[%clk 0:49:33]} Nxc6 {[%clk 0:53:03]} 29. Nb5 {[%clk 0:49:50]} Qc8
{[%clk 0:51:37]} 30. Rd6 {[%clk 0:47:17]} Nb4 {[%clk 0:50:01]} 31. Qf2 {[%clk
0:44:07]} Nxc4 {[%clk 0:46:49]} 32. Bxa8 Nxd6 {[%clk 0:46:16]} 33. Nxd6 {[%clk
0:36:52]} Qxa8 {[%clk 0:46:20]} 34. Rd1 {[%clk 0:35:11]} Nd5 {[%clk 0:43:07]}
35. Rc1 {[%clk 0:31:48]} Ke7 {[%clk 0:40:29]} 36. Qc5 {[%clk 0:31:26]} 1-0

[Event "DVM U12 2016"]
[Site "Magdeburg GER"]
[Date "2016.12.29"]
[Round "6"]
[White "Franz, Franz Theodor"]
[Black "Klaas, Heiko"]
[Result "1-0"]
[Termination "normal"]
[Board "2.3"]
[WhiteElo "1341"]
[BlackElo "1573"]
[WhiteClock "00:09:48"]
[BlackClock "00:07:44"]
[WhiteTeam "Schachpinguine Berlin"]
[BlackTeam "Hamburger SK"]
[PlyCount "95"]
[WhiteFideId "12992674"]
[BlackFideId "16215940"]
[EventCountry "GER"]
[EventRounds "7"]
[EventType "team-swiss"]
[EventDate "2016.12.26"]

1. e4 {[%clk 1:15:57]} e5 {[%clk 1:15:54]} 2. Nf3 {[%clk 1:16:20]} Nc6 {[%clk
1:16:16]} 3. Bc4 {[%clk 1:16:39]} Bc5 {[%clk 1:16:39]} 4. O-O {[%clk 1:16:57]}
Nf6 {[%clk 1:16:53]} 5. d4 {[%clk 1:16:55]} exd4 {[%clk 1:16:14]} 6. e5 {[%clk
1:17:13]} d5 {[%clk 1:15:45]} 7. exf6 {[%clk 1:16:51]} dxc4 {[%clk 1:16:06]} 8.
Re1+ {[%clk 1:17:01]} Be6 {[%clk 1:16:20]} 9. Ng5 {[%clk 1:16:57]} Qxf6 {[%clk
1:15:33]} 10. Nxe6 {[%clk 1:17:01]} fxe6 {[%clk 1:15:50]} 11. Qh5+ {[%clk
1:17:15]} Qf7 {[%clk 1:11:30]} 12. Qxc5 {[%clk 1:17:01]} Rf8 {[%clk 1:11:15]}
13. f3 {[%clk 1:13:08]} O-O-O {[%clk 1:11:29]} 14. Qxc4 {[%clk 1:12:44]} Rd5
{[%clk 1:02:39]} 15. Nd2 {[%clk 1:07:39]} Qg6 {[%clk 0:59:49]} 16. b4 {[%clk
1:02:56]} d3 {[%clk 0:39:40]} 17. cxd3 {[%clk 0:51:59]} Ne5 {[%clk 0:33:30]}
18. Qe4 {[%clk 0:48:10]} Nxd3 {[%clk 0:32:52]} 19. Qxg6 {[%clk 0:45:02]} hxg6
{[%clk 0:32:36]} 20. Re2 {[%clk 0:44:28]} Rfd8 {[%clk 0:30:35]} 21. Nb3 {[%clk
0:39:33]} Nxb4 {[%clk 0:28:55]} 22. Rxe6 {[%clk 0:34:20]} a5 {[%clk 0:19:39]}
23. a4 {[%clk 0:22:06]} Rd3 {[%clk 0:16:27]} 24. Rb1 {[%clk 0:18:21]} b6 {[%clk
0:13:25]} 25. Rxg6 {[%clk 0:16:32]} Re8 {[%clk 0:10:48]} 26. Bg5 {[%clk
0:14:59]} Nd5 {[%clk 0:07:50]} 27. Rxg7 {[%clk 0:13:03]} Nc3 {[%clk 0:07:56]}
28. Rc1 {[%clk 0:08:19]} Ne2+ {[%clk 0:08:18]} 29. Kf2 {[%clk 0:08:45]} Nxc1
{[%clk 0:08:46]} 30. Nxc1 {[%clk 0:09:03]} Rd4 {[%clk 0:07:44]} 31. h4 {[%clk
0:08:43]} Rxa4 {[%clk 0:08:06]} 32. h5 {[%clk 0:08:57]} Rh8 {[%clk 0:07:11]}
33. g4 {[%clk 0:08:55]} Rc4 {[%clk 0:07:21]} 34. Be3 {[%clk 0:08:48]} a4 {[%clk
0:07:31]} 35. h6 {[%clk 0:09:01]} a3 {[%clk 0:07:44]} 36. h7 {[%clk 0:09:24]}
Kb7 {[%clk 0:08:04]} 37. g5 {[%clk 0:09:10]} Rc2+ {[%clk 0:08:27]} 38. Kg3
{[%clk 0:09:20]} a2 {[%clk 0:08:51]} 39. Nxa2 {[%clk 0:09:38]} Rxa2 {[%clk
0:09:12]} 40. g6 {[%clk 0:10:03]} Raa8 {[%clk 0:09:23]} 41. Bf4 {[%clk
0:09:51]} Rac8 {[%clk 0:09:38]} 42. Be5 {[%clk 0:10:12]} Rhe8 {[%clk 0:09:53]}
43. f4 {[%clk 0:10:14]} b5 {[%clk 0:10:17]} 44. Rd7 {[%clk 0:10:12]} Kc6 {[%clk
0:08:15]} 45. Rxc7+ {[%clk 0:08:59]} Rxc7 {[%clk 0:08:17]} 46. Bxc7 {[%clk
0:09:22]} Kxc7 {[%clk 0:08:16]} 47. g7 {[%clk 0:09:47]} b4 {[%clk 0:07:44]} 48.
g8=Q {[%clk 0:09:48]} 1-0

[Event "DVM U12 2016"]
[Site "Magdeburg GER"]
[Date "2016.12.29"]
[Round "6"]
[White "Fuhrmann, Philipp"]
[Black "Rosenhain, Jonathan"]
[Result "1-0"]
[Termination "normal"]
[Board "2.4"]
[WhiteElo "1466"]
[BlackElo "1222"]
[WhiteClock "00:33:35"]
[BlackClock "00:52:48"]
[WhiteTeam "Hamburger SK"]
[BlackTeam "Schachpinguine Berlin"]
[PlyCount "95"]
[WhiteFideId "16227557"]
[BlackFideId "16212169"]
[EventCountry "GER"]
[EventRounds "7"]
[EventType "team-swiss"]
[EventDate "2016.12.26"]

1. e4 {[%clk 1:15:53]} e5 {[%clk 1:16:20]} 2. Nf3 Nc6 3. c3 {[%clk 1:16:10]}
Be7 {[%clk 1:16:44]} 4. d4 exd4 {[%clk 1:16:01]} 5. cxd4 {[%clk 1:13:35]} d5
{[%clk 1:14:58]} 6. e5 {[%clk 1:11:55]} Bf5 {[%clk 1:13:40]} 7. Bb5 {[%clk
1:08:53]} Bb4+ {[%clk 1:13:20]} 8. Bd2 {[%clk 1:08:47]} Bxd2+ {[%clk 1:13:07]}
9. Qxd2 {[%clk 1:07:29]} Nge7 {[%clk 1:12:13]} 10. Nc3 {[%clk 1:07:36]} Qd7
{[%clk 1:12:24]} 11. O-O {[%clk 1:07:11]} O-O {[%clk 1:12:37]} 12. Rfe1 {[%clk
1:02:47]} a6 {[%clk 1:12:24]} 13. Ba4 {[%clk 1:03:05]} b5 {[%clk 1:12:27]} 14.
Bb3 {[%clk 1:03:18]} Na5 {[%clk 1:11:49]} 15. Nxd5 {[%clk 1:00:29]} Nxb3 {[%clk
1:10:12]} 16. Nxe7+ {[%clk 1:00:48]} Qxe7 {[%clk 1:10:25]} 17. axb3 {[%clk
1:01:11]} c6 {[%clk 1:09:32]} 18. Rec1 {[%clk 1:00:24]} Qe6 {[%clk 1:07:15]}
19. b4 {[%clk 0:56:33]} Rfd8 {[%clk 1:04:32]} 20. Qf4 {[%clk 0:51:41]} Bg4
{[%clk 1:02:53]} 21. Ng5 {[%clk 0:48:14]} Qf5 {[%clk 1:03:02]} 22. Qxf5 {[%clk
0:47:51]} Bxf5 {[%clk 1:03:26]} 23. Rd1 {[%clk 0:45:37]} h6 {[%clk 1:01:04]}
24. Nf3 {[%clk 0:45:42]} Bg4 {[%clk 1:00:52]} 25. Kf1 {[%clk 0:44:06]} Kf8
{[%clk 1:00:54]} 26. Ke2 {[%clk 0:44:06]} Ke7 {[%clk 1:00:19]} 27. h3 {[%clk
0:44:11]} Bf5 {[%clk 1:00:14]} 28. Ke3 {[%clk 0:44:01]} Ke6 {[%clk 1:00:32]}
29. Rdc1 {[%clk 0:43:24]} Rdc8 {[%clk 1:00:00]} 30. Rc5 {[%clk 0:43:17]} g5
{[%clk 0:59:30]} 31. g4 {[%clk 0:42:42]} Bg6 {[%clk 0:59:14]} 32. Rac1 {[%clk
0:42:28]} Kd7 {[%clk 0:59:07]} 33. Nd2 {[%clk 0:42:08]} a5 {[%clk 0:57:05]} 34.
bxa5 {[%clk 0:41:58]} Rxa5 {[%clk 0:57:09]} 35. d5 {[%clk 0:41:59]} Ra6 {[%clk
0:56:54]} 36. Nb3 {[%clk 0:41:17]} Raa8 {[%clk 0:55:43]} 37. dxc6+ {[%clk
0:38:18]} Ke6 {[%clk 0:54:36]} 38. Rxb5 {[%clk 0:37:48]} f6 {[%clk 0:54:34]}
39. Nd4+ {[%clk 0:37:57]} Ke7 {[%clk 0:54:09]} 40. Rb7+ {[%clk 0:38:19]} Kf8
{[%clk 0:52:53]} 41. exf6 {[%clk 0:37:34]} Re8+ {[%clk 0:53:04]} 42. Kd2 {[%clk
0:36:18]} Red8 {[%clk 0:52:58]} 43. Kc3 {[%clk 0:34:19]} Be4 {[%clk 0:52:00]}
44. Ne6+ {[%clk 0:34:25]} Kg8 {[%clk 0:52:00]} 45. Nxd8 {[%clk 0:33:53]} Rxd8
{[%clk 0:52:17]} 46. Rg7+ {[%clk 0:33:14]} Kh8 {[%clk 0:52:37]} 47. c7 {[%clk
0:33:32]} Rc8 {[%clk 0:52:48]} 48. Rd1 {[%clk 0:33:35]} 1-0

[Event "DVM U12 2016"]
[Site "Magdeburg GER"]
[Date "2016.12.29"]
[Round "6"]
[White "Wu, Leon"]
[Black "Gallasch, Jonas"]
[Result "1-0"]
[Termination "normal"]
[Board "3.1"]
[WhiteElo "1839"]
[BlackElo "1709"]
[WhiteClock "00:38:00"]
[BlackClock "00:12:38"]
[WhiteTeam "SK Mannheim-Lindenhof"]
[BlackTeam "SG Porz"]
[PlyCount "67"]
[WhiteFideId "12977438"]
[BlackFideId "16222474"]
[EventCountry "GER"]
[EventRounds "7"]
[EventType "team-swiss"]
[EventDate "2016.12.26"]

1. e4 {[%clk 1:15:57]} c6 {[%clk 1:15:47]} 2. d4 {[%clk 1:16:19]} d5 {[%clk
1:16:00]} 3. Nc3 {[%clk 1:16:29]} dxe4 {[%clk 1:16:15]} 4. Nxe4 {[%clk
1:16:44]} Bf5 {[%clk 1:16:35]} 5. Ng3 {[%clk 1:17:06]} Bg6 {[%clk 1:16:55]} 6.
h4 {[%clk 1:17:23]} h6 {[%clk 1:17:14]} 7. h5 {[%clk 1:17:42]} Bh7 {[%clk
1:17:35]} 8. Nf3 {[%clk 1:17:49]} Nd7 {[%clk 1:17:55]} 9. Bd3 {[%clk 1:17:52]}
Bxd3 {[%clk 1:18:16]} 10. Qxd3 {[%clk 1:18:15]} Qc7 {[%clk 1:18:22]} 11. Bd2
{[%clk 1:18:13]} e6 {[%clk 1:18:22]} 12. O-O-O {[%clk 1:17:49]} Ngf6 {[%clk
1:17:52]} 13. Ne4 {[%clk 1:14:55]} Nxe4 {[%clk 1:14:55]} 14. Qxe4 {[%clk
1:15:16]} Bd6 {[%clk 1:15:06]} 15. Qg4 {[%clk 1:10:43]} Rh7 {[%clk 1:05:00]}
16. Qh3 {[%clk 1:07:34]} Bf4 {[%clk 1:00:00]} 17. Qh4 {[%clk 1:03:40]} Bxd2+
{[%clk 1:00:09]} 18. Rxd2 {[%clk 1:03:49]} Qa5 {[%clk 0:58:36]} 19. Kb1 {[%clk
1:02:57]} Nf6 {[%clk 0:58:12]} 20. Rd3 {[%clk 1:02:06]} Qf5 {[%clk 0:56:26]}
21. Ne5 {[%clk 1:00:40]} Qe4 {[%clk 0:54:09]} 22. Qh2 {[%clk 0:51:58]} Rd8
{[%clk 0:42:55]} 23. f3 {[%clk 0:47:18]} Qd5 {[%clk 0:42:17]} 24. g4 {[%clk
0:46:26]} Nd7 {[%clk 0:35:36]} 25. Rhd1 {[%clk 0:45:41]} Rh8 {[%clk 0:30:30]}
26. c4 {[%clk 0:40:47]} Qd6 {[%clk 0:30:32]} 27. Qe2 {[%clk 0:39:49]} Qc7
{[%clk 0:29:00]} 28. Nxd7 {[%clk 0:38:29]} Rxd7 {[%clk 0:16:34]} 29. d5 {[%clk
0:38:13]} cxd5 {[%clk 0:14:17]} 30. cxd5 {[%clk 0:38:30]} Rd6 {[%clk 0:14:37]}
31. dxe6 {[%clk 0:37:30]} Rxe6 {[%clk 0:14:26]} 32. Qd2 {[%clk 0:37:21]} Rf8
{[%clk 0:12:15]} 33. Rd8+ {[%clk 0:37:37]} Ke7 {[%clk 0:12:38]} 34. Rd7+ {[%clk
0:38:00]} 1-0

[Event "DVM U12 2016"]
[Site "Magdeburg GER"]
[Date "2016.12.29"]
[Round "6"]
[White "Parshykov, Edgar"]
[Black "Wu, Luka"]
[Result "1-0"]
[Termination "normal"]
[Board "3.2"]
[WhiteElo "1578"]
[BlackElo "1735"]
[WhiteClock "00:09:36"]
[BlackClock "00:18:31"]
[WhiteTeam "SG Porz"]
[BlackTeam "SK Mannheim-Lindenhof"]
[PlyCount "143"]
[WhiteFideId "16222458"]
[BlackFideId "12977420"]
[EventCountry "GER"]
[EventRounds "7"]
[EventType "team-swiss"]
[EventDate "2016.12.26"]

1. e4 {[%clk 1:15:59]} e5 {[%clk 1:15:53]} 2. Nf3 {[%clk 1:16:21]} Nc6 {[%clk
1:16:17]} 3. Bb5 {[%clk 1:16:42]} a6 {[%clk 1:16:37]} 4. Ba4 {[%clk 1:17:02]}
Nf6 {[%clk 1:16:49]} 5. d3 {[%clk 1:15:16]} b5 {[%clk 1:16:54]} 6. Bb3 {[%clk
1:15:34]} Bc5 {[%clk 1:17:00]} 7. c3 {[%clk 1:14:59]} Ba7 {[%clk 1:16:15]} 8.
O-O {[%clk 1:14:47]} Bb7 {[%clk 1:15:46]} 9. Be3 {[%clk 1:12:58]} O-O {[%clk
1:15:54]} 10. Re1 {[%clk 1:11:18]} d6 {[%clk 1:15:40]} 11. Nbd2 {[%clk
1:09:28]} Na5 {[%clk 1:12:15]} 12. Bc2 {[%clk 1:07:49]} c5 {[%clk 1:11:57]} 13.
b4 {[%clk 1:01:29]} cxb4 {[%clk 1:11:38]} 14. cxb4 {[%clk 1:01:52]} Nc6 {[%clk
1:11:52]} 15. a3 {[%clk 0:57:24]} h6 {[%clk 1:05:53]} 16. h3 {[%clk 0:52:59]}
Qd7 {[%clk 1:04:05]} 17. Nf1 {[%clk 0:47:15]} Rac8 {[%clk 1:03:13]} 18. g4
{[%clk 0:40:13]} Nh7 {[%clk 0:58:11]} 19. Ng3 {[%clk 0:38:11]} f6 {[%clk
0:56:52]} 20. Bb3+ {[%clk 0:34:13]} Kh8 {[%clk 0:57:08]} 21. Nh4 {[%clk
0:32:39]} Qe8 {[%clk 0:57:15]} 22. Ngf5 {[%clk 0:32:42]} Rd8 {[%clk 0:57:02]}
23. Bxa7 {[%clk 0:30:21]} Nxa7 {[%clk 0:57:03]} 24. Ne7 {[%clk 0:29:42]} g5
{[%clk 0:50:42]} 25. Nhg6+ {[%clk 0:26:25]} Kg7 {[%clk 0:50:58]} 26. Nxf8
{[%clk 0:24:31]} Nxf8 {[%clk 0:51:01]} 27. Nf5+ {[%clk 0:24:14]} Kg6 {[%clk
0:49:42]} 28. Rc1 {[%clk 0:22:32]} Rd7 {[%clk 0:48:17]} 29. Re2 {[%clk
0:16:28]} Qd8 {[%clk 0:45:22]} 30. Rec2 {[%clk 0:14:25]} d5 {[%clk 0:37:00]}
31. exd5 {[%clk 0:11:51]} Bxd5 {[%clk 0:37:22]} 32. Bxd5 {[%clk 0:12:09]} Rxd5
{[%clk 0:37:47]} 33. Rc8 {[%clk 0:09:13]} Nxc8 {[%clk 0:25:44]} 34. Rxc8 {[%clk
0:09:37]} Qd7 {[%clk 0:17:51]} 35. Rxf8 {[%clk 0:09:48]} Kh7 {[%clk 0:18:14]}
36. Qb3 {[%clk 0:08:08]} Qe6 {[%clk 0:13:43]} 37. Rxf6 {[%clk 0:06:57]} Qxf6
{[%clk 0:14:07]} 38. Qxd5 {[%clk 0:07:19]} Kh8 {[%clk 0:08:23]} 39. Qa8+ {[%clk
0:05:59]} Kh7 {[%clk 0:08:39]} 40. Qb7+ {[%clk 0:05:50]} Kg8 {[%clk 0:08:47]}
41. Qc8+ {[%clk 0:06:14]} Kf7 {[%clk 0:08:48]} 42. Qd7+ {[%clk 0:06:38]} Kg8
{[%clk 0:09:10]} 43. Qe8+ {[%clk 0:07:03]} Kh7 {[%clk 0:09:17]} 44. Qe7+ {[%clk
0:06:00]} Qxe7 {[%clk 0:09:31]} 45. Nxe7 {[%clk 0:06:22]} Kg7 {[%clk 0:09:58]}
46. Nc6 {[%clk 0:06:17]} Kf6 {[%clk 0:10:16]} 47. Kf1 {[%clk 0:04:55]} Ke6
{[%clk 0:10:34]} 48. Ke2 {[%clk 0:05:10]} Kd5 {[%clk 0:10:55]} 49. Nxe5 {[%clk
0:03:53]} Kxe5 {[%clk 0:11:18]} 50. Ke3 {[%clk 0:04:18]} Kd5 {[%clk 0:11:44]}
51. d4 {[%clk 0:04:39]} Kc4 {[%clk 0:11:59]} 52. Ke4 {[%clk 0:05:03]} Kb3
{[%clk 0:12:25]} 53. d5 {[%clk 0:05:28]} Kxa3 {[%clk 0:12:50]} 54. d6 {[%clk
0:05:11]} Kxb4 {[%clk 0:13:17]} 55. d7 {[%clk 0:05:28]} a5 {[%clk 0:13:45]} 56.
d8=Q {[%clk 0:05:47]} a4 {[%clk 0:14:12]} 57. Kd3 {[%clk 0:05:38]} a3 {[%clk
0:14:30]} 58. Kc2 {[%clk 0:05:14]} Ka4 {[%clk 0:14:47]} 59. Qa8+ {[%clk
0:05:09]} Kb4 {[%clk 0:15:09]} 60. Qe4+ {[%clk 0:05:31]} Kc5 {[%clk 0:15:26]}
61. Kb3 {[%clk 0:05:52]} Kd6 {[%clk 0:15:30]} 62. Kxa3 {[%clk 0:06:14]} Kc5
{[%clk 0:15:55]} 63. Kb3 {[%clk 0:06:39]} Kd6 {[%clk 0:15:53]} 64. Kb4 {[%clk
0:07:00]} h5 {[%clk 0:15:55]} 65. gxh5 {[%clk 0:07:23]} g4 {[%clk 0:16:05]} 66.
hxg4 {[%clk 0:07:48]} Kc7 {[%clk 0:16:33]} 67. h6 {[%clk 0:08:04]} Kb6 {[%clk
0:16:55]} 68. h7 {[%clk 0:08:27]} Kc7 {[%clk 0:17:21]} 69. h8=Q {[%clk
0:08:47]} Kd7 {[%clk 0:17:42]} 70. Qg6 {[%clk 0:08:55]} Kc7 {[%clk 0:18:05]}
71. Qhh7+ {[%clk 0:09:20]} Kd8 {[%clk 0:18:31]} 72. Qgg8# {[%clk 0:09:36]} 1-0

[Event "DVM U12 2016"]
[Site "Magdeburg GER"]
[Date "2016.12.29"]
[Round "6"]
[White "Stillbauer, Jan"]
[Black "Kogan, Gabriel"]
[Result "0-1"]
[Termination "normal"]
[Board "3.3"]
[WhiteElo "1404"]
[BlackElo "1467"]
[WhiteClock "01:20:59"]
[BlackClock "01:17:31"]
[WhiteTeam "SK Mannheim-Lindenhof"]
[BlackTeam "SG Porz"]
[PlyCount "106"]
[WhiteFideId "16239393"]
[BlackFideId "16238265"]
[EventCountry "GER"]
[EventRounds "7"]
[EventType "team-swiss"]
[EventDate "2016.12.26"]

1. e4 {[%clk 1:15:56]} e5 {[%clk 1:15:54]} 2. Nf3 {[%clk 1:16:18]} Nc6 {[%clk
1:16:21]} 3. Bb5 {[%clk 1:16:33]} Bc5 {[%clk 1:16:37]} 4. O-O {[%clk 1:16:35]}
Nf6 {[%clk 1:16:14]} 5. c3 {[%clk 1:14:44]} Nxe4 {[%clk 1:16:29]} 6. d4 {[%clk
1:14:58]} exd4 {[%clk 1:15:35]} 7. Re1 {[%clk 1:14:44]} d5 {[%clk 1:15:51]} 8.
Nfd2 {[%clk 1:14:19]} O-O {[%clk 1:15:52]} 9. Nxe4 {[%clk 1:14:41]} dxe4 {[%clk
1:16:17]} 10. Rxe4 {[%clk 1:14:54]} Bf5 {[%clk 1:14:22]} 11. Bxc6 {[%clk
1:15:04]} bxc6 {[%clk 1:14:38]} 12. Re5 {[%clk 1:15:22]} Bxb1 {[%clk 1:14:59]}
13. Rxb1 {[%clk 1:15:07]} dxc3 {[%clk 1:14:42]} 14. Bg5 {[%clk 1:13:56]} Qxd1+
15. Rxd1 {[%clk 1:14:03]} Bd6 {[%clk 1:11:36]} 16. Re2 {[%clk 1:14:00]} cxb2
{[%clk 1:11:54]} 17. Rxb2 {[%clk 1:14:20]} Rab8 {[%clk 1:11:53]} 18. Rxb8
{[%clk 1:14:21]} Rxb8 {[%clk 1:12:22]} 19. h3 {[%clk 1:14:32]} h6 {[%clk
1:12:16]} 20. Be3 {[%clk 1:14:53]} a6 {[%clk 1:12:34]} 21. g3 {[%clk 1:14:47]}
Rb2 {[%clk 1:12:19]} 22. Rd2 {[%clk 1:14:42]} Rxd2 {[%clk 1:10:27]} 23. Bxd2
{[%clk 1:15:02]} Kf8 {[%clk 1:10:50]} 24. Kf1 {[%clk 1:15:14]} Ke7 {[%clk
1:11:05]} 25. Bc3 {[%clk 1:15:31]} g6 {[%clk 1:11:17]} 26. Ke2 {[%clk 1:15:51]}
Ke6 {[%clk 1:11:38]} 27. Ke3 {[%clk 1:16:04]} Be5 {[%clk 1:11:53]} 28. Bb4
{[%clk 1:16:11]} Kd5 {[%clk 1:12:12]} 29. Kd3 {[%clk 1:16:32]} c5 {[%clk
1:12:27]} 30. Bd2 {[%clk 1:16:51]} h5 {[%clk 1:12:30]} 31. f4 {[%clk 1:16:48]}
Bd4 {[%clk 1:12:13]} 32. a4 {[%clk 1:16:48]} c4+ {[%clk 1:12:23]} 33. Kc2
{[%clk 1:16:58]} Ke4 {[%clk 1:12:09]} 34. g4 {[%clk 1:17:01]} Be3 {[%clk
1:12:15]} 35. gxh5 {[%clk 1:16:54]} gxh5 {[%clk 1:12:19]} 36. Bxe3 {[%clk
1:16:55]} Kxe3 {[%clk 1:12:43]} 37. f5 {[%clk 1:17:08]} Kd4 {[%clk 1:13:03]}
38. Kd2 {[%clk 1:17:16]} c3+ {[%clk 1:13:23]} 39. Kc2 {[%clk 1:17:40]} c6
{[%clk 1:13:44]} 40. a5 {[%clk 1:17:40]} c5 {[%clk 1:13:59]} 41. h4 {[%clk
1:17:21]} f6 {[%clk 1:14:22]} 42. Kc1 {[%clk 1:17:44]} Kd3 {[%clk 1:14:49]} 43.
Kd1 {[%clk 1:17:51]} c2+ {[%clk 1:15:09]} 44. Kc1 {[%clk 1:18:16]} c4 {[%clk
1:15:32]} 45. Kb2 {[%clk 1:18:33]} Kd2 {[%clk 1:15:37]} 46. Ka2 {[%clk
1:18:54]} Kd1 {[%clk 1:15:46]} 47. Kb2 {[%clk 1:19:03]} c1=Q+ {[%clk 1:16:09]}
48. Ka2 {[%clk 1:19:26]} Qe3 {[%clk 1:16:12]} 49. Kb2 {[%clk 1:19:47]} Ke2
{[%clk 1:16:01]} 50. Ka2 {[%clk 1:19:58]} Qc3 {[%clk 1:16:15]} 51. Kb1 {[%clk
1:20:17]} Qd2 {[%clk 1:16:38]} 52. Ka1 {[%clk 1:20:34]} c3 {[%clk 1:17:03]} 53.
Kb1 {[%clk 1:20:59]} Qb2# {[%clk 1:17:31]} 0-1